banner-ar

السمير المهذب:مجموعة قصص تهذيبية, وحكايات خلقية, وامثال ادبية / (Record no. 52917)

MARC details
000 -الفاتح
حقل البيانات ثابتة الطول 00646nam a2200193Ia 4500
008 - عناصر البيانات ثابتة الطول - معلومات عامة
حقل البيانات ثابتة الطول 140319s9999 xx 000 0 ara d
040 ## - مصدر الفهرسة
وكالة الفهرسة الأصلية GCL /
وكالة النسخ GCL
082 04 - رقم تصنيف ديوى العشرى
رقم التصنيف 810.809282
رقم المادة ع س
100 1# - المدخل الرئيسى - إسم شخصى
الإسم الشخصى على فكرى
245 10 - بيان العنوان
العنوان السمير المهذب:مجموعة قصص تهذيبية, وحكايات خلقية, وامثال ادبية /
بيان المسئوليه,etc على فكرى
300 ## - الوصف المادى
التعداد 313 ص
490 ## - بيان السلسلة
عنوان السلسلة
650 04 - المدخل الاضافى بالموضوع-مصطلح موضوعى
مصطلح موضوعي القصص العربية
650 04 - المدخل الاضافى بالموضوع-مصطلح موضوعى
مصطلح موضوعي الامثال العربية
650 04 - المدخل الاضافى بالموضوع-مصطلح موضوعى
مصطلح موضوعي الادب العربى - مجموعات
942 ## - عناصر المدخل الإضافي( كوها)
مصدر التصنيف او مخطط الترفيف Dewey Decimal Classification
Koha [default] item type كتاب
260 ## - PUBLICATION, DISTRIBUTION, ETC. (IMPRINT)
-- [S.N] :
-- دار احياء الكتب العربية
Holdings
حالة التراجع حالة الفقد حالة تلف ليس للاعارة المكان المؤقت الموقع الحالى تاريخ الاكتساب اجمالي اﻻعارات رقم الطلب الباركود تاريخ اخر مشاهدة تاريخ تفعيل السعر نوع وعاء كوها
        مكتبة القاهرة الكبرى مكتبة القاهرة الكبرى 03/26/2014   810.809282\ع س 126987 03/26/2014 03/26/2014 كتاب

Powered By

EGPV